| Tag |
First Indicator |
Second Indicator |
Subfields |
| LEADER |
00000cam a2200000 a 4500 |
| 001 |
in00000837521 |
| 005 |
20151019055208.0 |
| 008 |
840611s1981 mdu f00010 eng d |
| 010 |
|
|
|a gp 84017282
|
| 035 |
|
|
|a (OCoLC)10845714
|
| 035 |
|
|
|9 AEB0525AM
|
| 040 |
|
|
|a GPO
|c GPO
|d UtOrBLW
|
| 074 |
|
|
|a 507-H-1
|
| 086 |
0 |
|
|a HE 20.6024:In 3/990
|
| 100 |
1 |
|
|a Rudzinski, Karen.
|
| 245 |
1 |
0 |
|a Physician requirements, 1990, for infectious diseases /
|c Karen Rudzinski.
|
| 264 |
|
1 |
|a [Hyattsville, Md.] :
|b U.S. Dept. of Health and Human Services, Public Health Service, Health Resources Administration, Office of Graduate Medical Education,
|c 1981.
|
| 300 |
|
|
|a vi, 110 pages ;
|c 28 cm.
|
| 336 |
|
|
|a text
|b txt
|2 rdacontent
|
| 337 |
|
|
|a unmediated
|b n
|2 rdamedia
|
| 338 |
|
|
|a volume
|b nc
|2 rdacarrier
|
| 490 |
1 |
|
|a DHHS publication ;
|v no. (HRA) 82-619
|
| 500 |
|
|
|a "October 1981"--P. [4] of cover.
|
| 504 |
|
|
|a Bibliography: page 44.
|
| 650 |
|
0 |
|a Physicians
|z United States
|x Supply and demand.
|
| 650 |
|
0 |
|a Communicable diseases
|z United States.
|
| 710 |
1 |
|
|a United States.
|b Health Resources Administration.
|b Office of Graduate Medical Education.
|
| 830 |
|
0 |
|a DHHS publication ;
|v no. (HRA) 82-619.
|
| 999 |
|
|
|a MARS
|
| 999 |
f |
f |
|s 80cb44f9-090d-3d1d-aca4-ad9d7317d1db
|i 88fdcffb-8205-38ba-981f-cf867ad4d399
|t 0
|
| 952 |
f |
f |
|p normal
|a Texas A&M University
|b College Station
|c Sterling C. Evans Library
|d Evans: US Documents (Annex 5th floor)
|t 0
|e HE 20.6024:In 3/990
|h Superintendent of Documents classification
|i unmediated -- volume
|m A14816510426
|
| 998 |
f |
f |
|a HE 20.6024:In 3/990
|t 0
|l Evans: US Documents (Annex 5th floor)
|